Countries With Most Players in the Champions League Finals - Statistics

General Stats
  • This quiz has been taken 1,391 times
    1,157 since last reset
  • The average score is 27 of 38
Answer Stats
#P #AT Players Country % Correct
70 123 Andrés Iniesta (4), Dani Carvajal (4), Isco (4), Sergio Ramos (4), Fernando Morientes (4), Carles Puyol (3), Gerard Piqué (3), Pedro (3), Sergio Busquets (3), Víctor Valdés (3), Xavi (3), Fernando Hierro (3), Iker Casillas (3), Raúl (3), Álvaro Morata (3), Gabi (2), Juanfran (2), Koke (2), Fernando Torres (2), David Villa (2), Xabi Alonso (2), Iván Helguera (2), Manuel Sanchís (2), Marco Asensio (2), Míchel Salgado (2), Gaizka Mendieta (2), Santiago Cañizares (2), Fernando Llorente (2), Cesc Fàbregas (1), José Antonio Reyes (1), Manuel Almunia (1), Adrián (1), Diego Costa (1), Raúl García (1), Saúl (1), Javi Martinez (1), Juan Mata (1), Albert Ferrer (1), Andoni Zubizarreta (1), Eusebio (1), Guillermo Amor (1), Jordi Alba (1), José Mari Bakero (1), Miguel Ángel Nadal (1), Oleguer (1), Pep Guardiola (1), Quique Estebaranz (1), Sergi (1), Txiki Begiristain (1), Álvaro Arbeloa (1), Luis García (1), Pepe Reina (1), Aitor Karanka (1), César (1), Iván Campo (1), Jaime (1), José Emilio Amavisca (1), Lucas Vázquez (1), Nacho (1), David Albelda (1), Gerard (1), Gerardo (1), Javier Farinós (1), Juan Sánchez (1), Miguel Ángel Angulo (1), Juan Bernat (1), Ander Herrera (1), Thiago (1), César Azpilicueta (1) & Rubén Baraja (1) Spain
99%
66 88 Toni Kroos (4), Thomas Müller (4), Mario Gómez (3), Philipp Lahm (3), Manuel Neuer (3), Jérôme Boateng (3), Michael Ballack (2), Alexander Zickler (2), Carsten Jancker (2), Mehmet Scholl (2), Oliver Kahn (2), Stefan Effenberg (2), Thomas Linke (2), Sami Khedira (2), Jens Lehmann (1), Bernd Schneider (1), Carsten Ramelow (1), Hans-Jörg Butt (1), Oliver Neuville (1), Thomas Brdarić (1), Ulf Kirsten (1), Zoltán Sebescen (1), Diego Contento (1), Holger Badstuber (1), Jens Jeremies (1), Lothar Matthäus (1), Mario Basler (1), Markus Babbel (1), Michael Tarnat (1), Miroslav Klose (1), Thorsten Fink (1), Andreas Möller (1), Heiko Herrlich (1), İlkay Gündoğan (1), Julian Schieber (1), Jörg Heinrich (1), Jürgen Kohler (1), Karl-Heinz Riedle (1), Kevin Großkreutz (1), Lars Ricken (1), Marcel Schmelzer (1), Marco Reus (1), Martin Kree (1), Mats Hummels (1), Matthias Sammer (1), Michael Zorc (1), Roman Weidenfeller (1), Stefan Klos (1), Stefan Reuter (1), Sven Bender (1), Marc-André ter Stegen (1), Dietmar Hamann (1), Emre Can (1), Loris Karius (1), Rudi Völler (1), Thilo Kehrer (1), Julian Draxler (1), Joshua Kimmich (1), Leon Goretzka (1), Serge Gnabry (1), Niklas Süle (1), İlkay Gündoğan (1), Antonio Rüdiger (1), Kai Havertz (1), Timo Werner (1) & Bodo Illgner (1) Germany
98%
48 71 Patrice Evra (5), Didier Deschamps (4), Karim Benzema (4), Zinedine Zidane (3), Marcel Desailly (3), Raphaël Varane (3), Thierry Henry (2), Franck Ribery (2), Florent Malouda (2), Claude Makélélé (2), Nicolas Anelka (2), Jocelyn Angloma (2), Kingsley Coman (2), Jean-Pierre Papin (1), Édouard Cissé (1), Gaël Givet (1), Julien Rodriguez (1), Jérôme Rothen (1), Ludovic Giuly (1), Sébastien Squillaci (1), Mathieu Flamini (1), Robert Pires (1), Antoine Griezmann (1), Lucas Hernandez (1), Bixente Lizarazu (1), Willy Sagnol (1), Eric Abidal (1), Jérémy Mathieu (1), Ludovic Giuly (1), David Trezeguet (1), Lilian Thuram (1), Paul Pogba (1), Djibril Cissé (1), Basile Boli (1), Éric Di Meco (1), Fabien Barthez (1), Franck Sauzée (1), Jean-Christophe Thomas (1), Jean-Jacques Eydelie (1), Jean-Philippe Durand (1), Hugo Lloris (1), Moussa Sissoko (1), Presnel Kimpembe (1), Kylian Mbappé (1), Layvin Kurzawa (1), Corentin Tolisso (1), N'Golo Kanté (1) & Christian Karembeu (1) France
97%
41 55 Ashley Cole (3), Michael Carrick (3), Paul Scholes (3), Wayne Rooney (3), Frank Lampard (2), Jamie Carragher (2), Steven Gerrard (2), Steve McManaman (2), Trent Alexander-Arnold (2), Jordan Henderson (2), James Milner (2), Sol Campbell (1), Owen Hargreaves (1), Gary Cahill (1), Joe Cole (1), John Terry (1), Ryan Bertrand (1), Adam Lallana (1), Jermaine Pennant (1), Peter Crouch (1), Andy Cole (1), David Beckham (1), Gary Neville (1), Nicky Butt (1), Owen Hargreaves (1), Teddy Sheringham (1), Wes Brown (1), Kieran Trippier (1), Eric Dier (1), Dele Alli (1), Harry Kane (1), Danny Rose (1), Harry Winks (1), Kyle Walker (1), John Stones (1), Phil Foden (1), Raheem Sterling (1), Reece James (1), Ben Chilwell (1), Mason Mount (1) & Joe Gomez (1) England
96%
51 103 Paolo Maldini (6), Andrea Pirlo (4), Alessandro Del Piero (4), Alessandro Costacurta (3), Alessandro Nesta (3), Daniele Massaro (3), Demetrio Albertini (3), Gennaro Gattuso (3), Roberto Donadoni (3), Sebastiano Rossi (3), Sebastiano Rossi (3), Alessio Tacchinardi (3), Angelo Di Livio (3), Angelo Peruzzi (3), Antonio Conte (3), Ciro Ferrara (3), Gianluigi Buffon (3), Filippo Inzaghi (3), Franco Baresi (2), Gianluigi Lentini (2), Massimo Ambrosini (2), Mauro Tassotti (2), Stefano Eranio (2), Andrea Barzagli (2), Claudio Marchisio (2), Gianluca Pessotto (2), Leonardo Bonucci (2), Mark Iuliano (2), Moreno Torricelli (2), Alberto Gilardino (1), Filippo Galli (1), Giuseppe Favalli (1), Marco Simeone (1), Massimo Oddo (1), Stefano Nava (1), Flavio Roma (1), Marco Materazzi (1), Alessandro Birindelli (1), Christian Vieri (1), Fabrizio Ravanelli (1), Gianluca Vialli (1), Gianluca Zambrotta (1), Giorgio Chiellini (1), Mauro Camoranesi (1), Michele Padovano (1), Nicola Amoruso (1), Pietro Vierchowod (1), Sergio Porrini (1), Marco Verratti (1), Jorginho (1) & Amedeo Carboni (1) Italy
95%
44 64 Marcelo (4), Dida (3), Dani Alves (3), Casemiro (3), Roberto Carlos (3), Kaká (2), Serginho (2), Filipe Luís (2), Lúcio (2), Juliano Belletti (2), Anderson (2), Roberto Firmino (2), Neymar (2), Thiago Silva (2), Cafu (1), Roque Júnior (1), Gilberto Silva (1), Miranda (1), Dante (1), Luiz Gustavo (1), David Luiz (1), Edmílson (1), Romário (1), Ronaldinho (1), Sylvinho (1), Júlio César (1), Maicon (1), Alex Sandro (1), Fábio (1), Carlos Alberto (1), Derlei (1), Danilo (1), Flávio Conceição (1), Sávio (1), Giovane Élber (1), Lucas Moura (1), Fabinho (1), Marquinhos (1), Philippe Coutinho (1), Ederson (1), Fernandinho (1), Gabriel Jesus (1) & Paulo Sérgio (1) Brazil
94%
21 31 Cristiano Ronaldo (6), Rui Costa (2), Nani (2), Ricardo Carvalho (2), Deco (2), Paulo Sousa (2), Tiago (1), José Bosingwa (1), Costinha (1), Jorge Costa (1), Maniche (1), Nuno Valente (1), Paulo Ferreira (1), Pedro Emanuel (1), Pedro Mendes (1), Vítor Baía (1), Fábio Coentrão (1), Luís Figo (1), Rúben Días (1), Bernardo Silva (1) & Pepe (1) Portugal
94%
27 37 Lionel Messi (3), Javier Mascherano (3), Carlos Tevez (3), Fernando Redondo (2), Kily González (2), Mauricio Pellegrino (2), Ángel Di María (2), Hernán Crespo (1), Hugo Ibarra (1), Lucas Bernardi (1), Augusto Fernández (1), José Sosa (1), Diego Placente (1), Martín Demichelis (1), Diego Milito (1), Esteban Cambiasso (1), Javier Zanetti (1), Walter Samuel (1), Gonzalo Higuaín (1), Paulo Dybala (1), Roberto Pereyra (1), Santiago Solari (1), Claudio López (1), Pablo Aimar (1), Leandro Paredes (1), Sergio Agüero (1) & Roberto Ayala (1) Argentina
93%
27 49 Edwin van der Sar (5), Clarence Seedorf (5), Edgar Davids (4), Arjen Robben (3), Frank Rijkaard (2), Danny Blind (2), Frank de Boer (2), Patrick Kluivert (2), Ronald de Boer (2), Mark van Bommel (2), Jaap Stam (2), Georginio Wijnaldum (2), Virgil van Dijk (2), Marco van Basten (1), Arnold Scholten (1), Kiki Musampa (1), Marc Overmars (1), Michael Reiziger (1), Nordin Wooter (1), Sonny Silooy (1), Winston Bogarde (1), Giovanni van Bronckhorst (1), Ibrahim Afellay (1), Ronald Koeman (1), Wesley Sneijder (1), Boudewijn Zenden (1), Dirk Kuyt (1), Netherlands
89%
7 9 Daniel Van Buyten (2), Toby Alderweireld (2), Thibaut Courtois (1), Yannick Carrasco (1), Jan Vertonghen (1), Kevin De Bruyne (1) & Divick Origi (1) Belgium
85%
4 4 Fredrik Ljungberg (1), Patrik Andersson (1), Henrik Larsson (1) & Jesper Blomqvist (1) Sweden
82%
14 21 Luka Modrić (4), Zvonimir Boban (2), Ivica Olić (2), Mario Mandzukić (2), Alen Bokšić (2), Dado Pršo (1), Boris Živković (1), Marko Babić (1), Ivan Rakitić (1), Igor Tudor (1), Dejan Lovren (1), Ivan Perišić (1), Mateo Kovačić (1) & Davor Šuker (1) Croatia
81%
4 5 John Arne Riise (2), Ole Gunnar Solskjær (1), Ronny Johnsen (1) & John Carew (1) Norway
75%
5 8 Paolo Montero (3), Diego Godín (2), Luis Suárez (1), Daniel Fonseca (1) & Marcelo Zalayeta (1) Uruguay
75%
5 5 Jon Dahl Tomasson (1), Daniel Agger (1), Christian Eriksen (1), Andreas Christensen (1) & Peter Schmeichel (1) Denmark
74%
3 4 Steve Finnan (2), Denis Irwin (1) & John O'Shea (1) Ireland
74%
2 2 Rafael Márquez (1) & Javier Hernández (1) Mexico
74%
4 5 Robert Lewandowski (2), Jakub Błaszczykowski (1), Łukasz Piszczek (1) & Jerzy Dudek (1) Poland
74%
2 3 Andrew Robertson (2) & Paul Lambert (1) Scotland
74%
2 2 Stéphane Chapuisat (1) & Stephan Lichtsteiner (1) Switzerland
72%
2 8 Gareth Bale (4) & Ryan Giggs (4) Wales
72%
3 5 Nemanja Vidić (3), Neven Subotić (1) & Dejan Stanković (1) Serbia
70%
3 4 Andriy Shevchenko (2), Oleksandr Zinchenko (1) & Anatoliy Tymoshchuk (1) Ukraine
68%
2 3 Sadio Mané (2) & Édouard Mendy (1) Senegal
66%
2 3 Jari Litmanen (2) & Sami Hyypiä (1) Finland
62%
3 3 Yıldıray Baştürk (1), Hamit Altıntop (1) & Nuri Şahin (1) Turkey
62%
3 5 Samuel Eto'o (3), Eric Maxim Choupo-Moting (1) & Joël Matip (1) Cameroon
61%
2 3 Park Ji-sung (2) & Son Heung-min (1) South Korea
59%
4 5 Petr Čech (2), Marek Jankulovski (1), Milan Baroš (1) & Vladimír Šmicer (1) Czechia
58%
3 5 Finidi George (2), Nwankwo Kanu (2) & John Obi Mikel (1) Nigeria
57%
2 2 Cristian Chivu (1) & Adrian Ilie (1) Romania
57%
5 6 Samuel Kuffour (2), Thomas (1), Michael Essien (1), Sulley Muntari (1) & Abedi Pele (1) Ghana
56%
5 7 Didier Drogba (2), Salomon Kalou (2), Emmanuel Eboué (1), Kolo Touré (1) & Yaya Touré (1) Ivory Coast
56%
2 2 Jan Oblak (1) & Zlatko Zahovič (1) Slovenia
54%
2 3 Dimitar Berbatov (2) & Hristo Stoichkov (1) Bulgaria
52%
2 3 Hasan Salihamidžić (2) & Miralem Pjanić (1) Bosnia & Herzegovina
49%
4 6 Vladimir Jugović (2), Miroslav Đukić (2), Dejan Savićević (1) & Predrag Mijatović (1) Yugoslavia
21%
2 3 Seydou Keita (2) & Djimi Traoré (1) Mali
20%
No matching quizzes found
Score Distribution
Percent of People with Each Score
Percentile by Number Answered
Your Score History
You have not taken this quiz since the last reset